Bài tập cơ sở lí thuyết các quá trình hoá học
Nội dung tài liệu tập hợp các bài tập về cơ sở hoá học, diễn biến của các quá trình hoá học, nhiệt động hoá học, cân bằng hoá học, dung dịch, phản ứng ôxy hoá khử...
محفوظ في:
| المؤلف الرئيسي: | |
|---|---|
| مؤلفون آخرون: | , |
| التنسيق: | كتاب |
| اللغة: | Vietnamese |
| منشور في: |
H.
Giáo dục
2013
|
| الطبعة: | Tái bản lần thứ 8 |
| الوسوم: |
إضافة وسم
لا توجد وسوم, كن أول من يضع وسما على هذه التسجيلة!
|
| Thư viện lưu trữ: | Thư viện Trường Đại học Nam Cần Thơ |
|---|
| LEADER | 01455aam a22002418a 4500 | ||
|---|---|---|---|
| 001 | NCT_1774 | ||
| 008 | 130514s2013 ||||||viesd | ||
| 999 | |c 96 |d 96 | ||
| 020 | |c 24000 | ||
| 082 | 0 | 4 | |2 23rd ed. |a 541.76 |b Đ450 |
| 100 | 1 | |a Vũ Đăng Độ | |
| 245 | 1 | 0 | |a Bài tập cơ sở lí thuyết các quá trình hoá học |c Vũ Đăng Độ (chủ biên.), Trịnh Ngọc Châu, Nguyễn Văn Nội |
| 250 | |a Tái bản lần thứ 8 | ||
| 260 | |a H. |b Giáo dục |c 2013 | ||
| 300 | |a 171tr. |b hình vẽ, bảng |c 21cm | ||
| 520 | 3 | |a Nội dung tài liệu tập hợp các bài tập về cơ sở hoá học, diễn biến của các quá trình hoá học, nhiệt động hoá học, cân bằng hoá học, dung dịch, phản ứng ôxy hoá khử... | |
| 700 | 1 | |a Trịnh Ngọc Châu | |
| 700 | 1 | |a Nguyễn Văn Nội | |
| 942 | |2 ddc |c BK | ||
| 952 | |0 0 |1 0 |2 ddc |4 0 |6 541_760000000000000_Đ450 |7 0 |9 286 |a 000001 |b 000001 |d 2017-10-04 |o 541.76 Đ450 |p MD.00331 |r 2017-10-04 |v 40000.00 |w 2017-10-04 |y BK | ||
| 952 | |0 0 |1 0 |2 ddc |4 0 |6 541_760000000000000_Đ450 |7 0 |9 287 |a 000001 |b 000001 |d 2017-10-04 |o 541.76 Đ450 |p MD.00332 |r 2017-10-04 |v 40000.00 |w 2017-10-04 |y BK | ||
| 952 | |0 0 |1 0 |2 ddc |4 0 |6 541_760000000000000_Đ450 |7 0 |9 288 |a 000001 |b 000001 |d 2017-10-04 |o 541.76 Đ450 |p MD.00333 |r 2017-10-04 |v 40000.00 |w 2017-10-04 |y BK | ||
| 980 | |a Thư viện Trường Đại học Nam Cần Thơ | ||